000 01142nab#a2200253#c#4500
999 _c19300
_d19300
003 IEF
005 20191204135513.0
008 950704s1976 uuu|| #####0 b| |u
040 _aIEF
_cES-MaIEF
100 1 _aLópez Juana Pinilla, José
_926467
245 _aExposición que el intendente de Guadalaxara D. José López Juana Pinilla dirige al augusto Congreso Nacional, manifestando la necesidad de establecer sobre bases sólidas el sistema general de Hacienda Pública, y de suspender por ahora los efectos de la ley de 13 de septiembre de 1813, en que se suprimen las rentas provinciales y estancadas, y se establece una contribución directa sobre los tres ramos de riqueza territorial, industrial y comercial. Guadalajara, Imprenta Nacional, 1814
260 _c1976
650 4 _aESPAÑA
_941092
650 4 _aHISTORIA ECONOMICA
_945401
650 4 _aHACIENDA PUBLICA
_950201
650 4 _aSISTEMA FISCAL
_948426
650 4 _aORGANIZACION
_947901
650 4 _aREFORMA
_910750
650 4 _aSIGLO XIX
_948415
773 0 _tHacienda pública española
_w34570
_g38, p. 295-301
942 _2udc
942 _2udc